Catalog

Record Details

Catalog Search



Mladí v procesu od ohrožení k selhávání : bakalářská práce Cover Image Book Book

Mladí v procesu od ohrožení k selhávání : bakalářská práce Věra Krekáňová ; vedoucí práce Marie Lhotová

Record details

  • Physical Description: 57 s.

Content descriptions

Bibliography, etc. Note:
bibliogr.

Available copies

  • 1 of 1 copy available at Common Catalog SPOK.

Holds

  • 0 current holds with 1 total copy.
Show Only Available Copies
Location Call Number / Copy Notes Barcode Shelving Location Status Due Date
Jabok Library ABP-0261 424480004604 Absolventské práce Reference -

LDR 00680ntm a22 a 4500
0017066
003CZ-PrJAB
00520020429000000.0
008001108s2000 xr e |||| |cze
009cz
035 . ‡a(CONS)7066
035 . ‡aKPS0007070
040 . ‡a
0410 . ‡acze
10011. ‡72486 ‡aKrekáňová, Věra
110 2. ‡aEvangelická teologická fakulta Univerzity Karlovy
2451 . ‡aMladí v procesu od ohrožení k selhávání : ‡bbakalářská práce ‡cVěra Krekáňová ; vedoucí práce Marie Lhotová
260 . ‡aPraha ‡c2000
300 . ‡a57 s.
504 . ‡abibliogr.
653 . ‡adospívání ‡aohrožení ‡arodina ‡asebepoznání ‡asebepřijetí
70011. ‡74189 ‡aLhotová, Marie ‡cPhDr. Ing. ‡d1951-
999 . ‡a261-d ‡c261-d ‡i424480004604 ‡l ‡tP
910 . ‡aABG312
901 . ‡a7066 ‡bUnknown ‡c7066 ‡tbiblio

Additional Resources